000 00664nam a2200157 a 4500
008 100203s1983 ||||||||||||||||| || u
050 _aGOV.ZAM(02)1983/7
110 _aGovernment of the Republic of Zambia (GRZ)
245 1 0 _aNew books added during mar-sep 1983: public library service kitwe district council
260 _aKitwe:
_bKitwe City Council
_c1983
350 _a0.00
650 _aLIBRARIES--HANDBOOKS, MANUALS, ETC
650 _aPUBLIC SERVICES (LIBRARIES)
710 _aKitwe City Council
995 _D0.00
_FCBU-MAIN LIBRARY (Kitwe)
_H1
_I0.00
_M1
_UAVAILABLE
_WFeb 3, 2010
_ZZambiana Collection
999 _c52094
_d52094